000 00442nam a2200181Ia 4500
001 3692
005 20260306145702.0
008 260306t1986||||xx |||||||||||||| ||spa||
041 _aESP
082 _a302
_bL45
100 _aLeón, Federico R.
_eAUT
245 0 _aPsicología y realidad peruana:
_bel aporte objetivo
260 _c1986
300 _a295 páginas :
_c20 cm.
650 _aGEN
654 _aCPS
942 _cLIB
_dJUS
_fJUS
_2ddc
_n
999 _c3692
_d3692